| 000 | 00462nam a2200181Ia 4500 | ||
|---|---|---|---|
| 008 | 180921t1994 xxu||||| |||| 00| 0 sin d | ||
| 041 | _asin | ||
| 080 |
_a581 _bKAR |
||
| 100 | _aKarunanayaka, Sarath | ||
| 245 | _aපුවක් ගස | ||
| 246 | _aPuvak gasa | ||
| 260 |
_bBotanical garden _aPeradeniya _c1994 |
||
| 300 | _a15p., ill., 22 cm | ||
| 650 |
_aPalmae _aArecanut |
||
| 942 | _cBK | ||
| 999 |
_c17208 _d17208 |
||
| 003 | LK-CoDNM | ||
| 040 |
_aLK-CoDNM _dLK-CoDNM _eLK-CoDNM |
||